MARC

LEADER 00000nam0a2200000 4500
001 272638
005 20231101234544.0
035 |a (RuTPU)RU\TPU\book\295845 
090 |a 272638 
100 |a 20141020d1946 m y0rusy50 ca 
101 0 |a rus 
102 |a RU 
105 |a a j 001zy 
200 1 |a Объемный анализ  |e учебник для вузов  |f В. И. Петрашень 
210 |a Москва  |a Ленинград  |c Госхимиздат  |d 1946 
215 |a 292 с.  |c ил. 
320 |a Предметный указатель: с. 283-292. 
606 1 |a Титриметрический анализ  |2 stltpush  |3 (RuTPU)RU\TPU\subj\71437  |9 85344 
610 1 |a учебники 
610 1 |a растворы 
610 1 |a нейтрализация 
610 1 |a гидролиз 
610 1 |a осаждение 
610 1 |a адсорбция 
610 1 |a оксидиметрия 
610 1 |a хроматометрия 
610 1 |a броматометрия 
610 1 |a титанорганические соединения 
610 1 |a титанометрия 
610 1 |a таблицы 
610 1 |a объемный анализ 
675 |a 543.24(075.8)  |v 3 
700 1 |a Петрашень  |b В. И. 
801 1 |a RU  |b 63413507  |c 20141020 
801 2 |a RU  |b 63413507  |c 20211025  |g RCR 
942 |c BK